Android malware detection using classifier fusion method (Record no. 5531)

MARC details
000 -LEADER
fixed length control field 00481nam a22001697a 4500
003 - CONTROL NUMBER IDENTIFIER
control field OSt
005 - DATE AND TIME OF LATEST TRANSACTION
control field 20220107122823.0
008 - FIXED-LENGTH DATA ELEMENTS--GENERAL INFORMATION
fixed length control field 161226b xxu||||| |||| 00| 0 eng d
040 ## - CATALOGING SOURCE
Transcribing agency IIITMK
100 ## - MAIN ENTRY--PERSONAL NAME
Personal name Gibin George (93515001)
9 (RLIN) 11164
245 ## - TITLE STATEMENT
Title Android malware detection using classifier fusion method
300 ## - PHYSICAL DESCRIPTION
Extent MPHIL CS
502 ## - DISSERTATION NOTE
Degree type MPHIL CS
Name of granting institution 2015-16
Year degree granted INT
-- Dr. Tony Thomas
650 ## - SUBJECT ADDED ENTRY--TOPICAL TERM
Topical term or geographic name entry element COMPUTER SECURITY
9 (RLIN) 11334
650 ## - SUBJECT ADDED ENTRY--TOPICAL TERM
Topical term or geographic name entry element MALWARE DETECTION
9 (RLIN) 11335
942 ## - ADDED ENTRY ELEMENTS (KOHA)
Source of classification or shelving scheme Dewey Decimal Classification
Koha item type
Holdings
Withdrawn status Lost status Source of classification or shelving scheme Damaged status Not for loan Home library Current library Date acquired Total Checkouts Barcode Date last seen Price effective from Koha item type
    Dewey Decimal Classification     IIITM-K Kerala University of Digital Sciences, Innovation and Technology Knowledge Centre 26/12/2016   R-1168 26/12/2016 26/12/2016 Project Reports